000 00417nam a2200169Ia 4500
008 170705s9999 xx 000 0 und d
020 _a9780545102025
245 _aFirst day jitters /
245 _cJulie Danneberg ; illustrated by Judy Love.
260 _aNew York :
260 _bScholastic,
260 _c2000
300 _aunpaged :
300 _bcolor illustration ;
300 _c26cm.
500 _a210
999 _c335427
_d335427